EMOTIONAL INTELLIGENCE THEORY AND PRACTI (Record no. 32470)

MARC details
000 -LEADER
fixed length control field 00372nam a2200133Ia 4500
008 - FIXED-LENGTH DATA ELEMENTS--GENERAL INFORMATION
fixed length control field 240624s9999 xx 000 0 und d
041 ## - LANGUAGE CODE
Language code of text/sound track or separate title eng
082 ## - DEWEY DECIMAL CLASSIFICATION NUMBER
Classification number 158.7 EKK
100 ## - MAIN ENTRY--PERSONAL NAME
Personal name EKKIRALA VIKRAMADITYA AND SINGH SMITA
245 ## - TITLE STATEMENT
Title EMOTIONAL INTELLIGENCE THEORY AND PRACTI
260 ## - PUBLICATION, DISTRIBUTION, ETC.
Date of publication, distribution, etc. 2021
Place of publication, distribution, etc. India
Name of publisher, distributor, etc. Cengage Learning
300 ## - PHYSICAL DESCRIPTION
Extent xvi,: 303 p.: 23 cm.
365 ## - TRADE PRICE
Currency code RS
Price amount 28
Holdings
Withdrawn status Lost status Damaged status Not for loan Home library Current library Shelving location Date acquired Full call number Barcode Date last seen Copy number Price effective from Koha item type
Store Books       IMTN IMTN Rack 1-B 12/11/2020 158.7 EKK 32470 06/24/2024 1 06/24/2024 Books
Designed & Maintained by: LRC IMT Nagpur Contact: lrc@imtnag.ac.in© 2024. All Rights Reserved.